000 01137nam2a2200241 4500
001 RU\NLR\BIBL_A\022678721
005 20260206170016.0
010 _a978-5-4465-4277-2
_9200
021 _aRU
_bКН-П-25-060143
_9КН-П-25-5802
035 _a(NLR Aleph) 022678721
090 _a13499791
_c13499791
100 _a20251203d2025 u y0rusy50 ca
101 0 _arus
102 _aRU
105 _aac z 000cd
200 0 _a11
_fВ. И. Коркунов
210 _aМосква
_cЛитГОСТ
_d2025 (печ. 2024)
215 _a123 с.
_cил., портр.
461 0 _1001RU\NLR\BIBL_A\010986998
_12001#$aКимрская старина$eкраеведческие очерки$fВ. И. Коркунов, В. В. Коркунов$v11
_1700#1$aКоркунов$bВ. И.$f1941-$gВладимир Иванович
_910908141
_aКоркунов, В. И. (1941-)
_cКимры
_d2012-
_fВ. И. Коркунов, В. В. Коркунов
_nКимрская типография
_oкраеведческие очерки
_tКимрская старина
_v11
942 _cBOOK
980 _aNB